| 000 | 01088nam a22002777a 4500 | ||
|---|---|---|---|
| 001 | 8208 | ||
| 003 | FISKH | ||
| 005 | 20250902140847.0 | ||
| 008 | 250902b cb ||||| |||| 00| 0 eng d | ||
| 020 | _a078073586424 | ||
| 040 |
_aFISKH _beng _cFISKH _dFISKH |
||
| 050 | _aC1 | ||
| 082 | _a800 | ||
| 100 | _aFleming, Maria | ||
| 245 |
_aFollow me / _cBy Maria Fleming |
||
| 260 |
_aNew York : _bScholastic , _c2003. |
||
| 300 |
_a8 pages : _billustrations ; _c11 X 14 cm . |
||
| 490 |
_aLittle Leveled Readers _v(Level A) |
||
| 505 | _aA | ||
| 520 | _aFollow me ,Sunny days , Go,penguins,go ! , Sledding song, Milk, I can! , Some people sail boats, The pizza that Pete made , I am healthy!, Who need a tree? , The ants are marching ,Pumpkin, pumkin, on a vine , I like me, Mat hid ,Home sweet home, Mix it up , Fiesta, P is for pancakes , I am not afraid of anything!, The snow day, Feet are neat ,Home sweet home | ||
| 521 | 8 |
_a100
_bLexile estimate |
|
| 521 | 8 |
_aA
_bRaz-Plus |
|
| 700 |
_aKelly, True _eIllustrator |
||
| 942 |
_2ddc _cBK _n0 |
||
| 999 |
_c8208 _d8208 |
||